000 01193cam a2200265 4500
008 030210n2003 000 0 eng u
020 _a1859461255
035 _a(Sirsi) u121306
050 _a692.2
_c18
100 _aLupton, Sarah
245 _aThrough the legislation maze
260 _aLondon
_bRIBA Enterprises
_c2003
300 _a48p.
_c30cm.
350 _a12
490 _aRIBA Through the Legislation Maze Series
520 _aArranged by RIBA work stage this book provides guidance on the application of the Building Regulations 2000 Approved Documents L1 and L2 (2002 editions), highlighting common difficulties and problems. Reference is also made to the appropriate sections of Approved Documents H and J (2002 editions).
650 _aBUILDING REGULATIONS 2000 APPROVED DOCUMENT H (2002 EDITION)
650 _aBUILDING REGULATIONS 2000 APPROVED DOCUMENT J (2002 EDITION)
650 _aBUILDING REGULATIONS 2000 APPROVED DOCUMENT L1 (2002 EDITION)
650 _aBUILDING REGULATIONS 2000 APPROVED DOCUMENT L2 (2002 EDITION)
650 _aENERGY CONSERVATION
690 _aBUILDING AND CONSTRUCTION-ENERGY MANAGEMENT
700 _aStellakis, Manos
942 _n0
999 _c102648
_d102648